| 000 -LEADER | |
|---|---|
| fixed length control field | 00402nam a22001697a 4500 |
| 005 - DATE AND TIME OF LATEST TRANSACTION | |
| control field | 20170703143936.0 |
| 008 - FIXED-LENGTH DATA ELEMENTS--GENERAL INFORMATION | |
| fixed length control field | 170703b xxu||||| |||| 00| 0 eng d |
| 020 ## - INTERNATIONAL STANDARD BOOK NUMBER | |
| ISBN | 978-1-107-62480-1 |
| 041 ## - LANGUAGE CODE | |
| Language code of text/sound track or separate title | eng |
| 082 ## - DEWEY DECIMAL CLASSIFICATION NUMBER | |
| Classification number | 595.7 |
| 100 ## - MAIN ENTRY--AUTHOR NAME | |
| Personal name | CHAMPMAN, R.F |
| 245 ## - TITLE STATEMENT | |
| Title | THE INSECTS STRUCTURE AND FUNCTION |
| 250 ## - EDITION STATEMENT | |
| Edition statement | 5TH |
| 260 ## - PUBLICATION, DISTRIBUTION, ETC. (IMPRINT) | |
| Name of publisher | CAMBRIDGE UNIVERSITY PRESS |
| 300 ## - PHYSICAL DESCRIPTION | |
| Number of Pages | 929p. |
| 942 ## - ADDED ENTRY ELEMENTS (KOHA) | |
| Koha item type | Books |
| Lost status | Damaged status | Collection code | Home library | Current library | Shelving location | Date acquired | Source of acquisition | Cost, normal purchase price | Full call number | Accession Number | Koha item type |
|---|---|---|---|---|---|---|---|---|---|---|---|
| AGRICULTURE | JRU Library | JRU Library | SHELF-46-F | 03/07/2017 | PURCHESS | 975.00 | 595.7 | 21828 | Books | ||
| AGRICULTURE | JRU Library | JRU Library | SHELF-46-F | 03/07/2017 | PURCHESS | 975.00 | 595.7 | 21829 | Books | ||
| Reference | JRU Library | JRU Library | SHELF-2-E | 03/07/2017 | PURCHESS | 975.00 | 595.7 | 21830 | Books | ||
| AGRICULTURE | JRU Library | JRU Library | SHELF-46-F | 25/10/2017 | PURCHESS | 975.00 | 595.7 | 22151 | Books | ||
| AGRICULTURE | JRU Library | JRU Library | SHELF-46-F | 25/10/2017 | PURCHESS | 975.00 | 595.7 | 22152 | Books | ||
| AGRICULTURE | JRU Library | JRU Library | SHELF-46-F | 25/10/2017 | PURCHESS | 975.00 | 595.7 | 22153 | Books | ||
| AGRICULTURE | JRU Library | JRU Library | SHELF-46-F | 25/10/2017 | PURCHESS | 975.00 | 595.7 | 22154 | Books | ||
| AGRICULTURE | JRU Library | JRU Library | SHELF-46-F | 25/10/2017 | PURCHESS | 975.00 | 595.7 | 22155 | Books |